<?xml version="1.0" encoding="UTF-8"?>
<record
    xmlns:xsi="http://www.w3.org/2001/XMLSchema-instance"
    xsi:schemaLocation="http://www.loc.gov/MARC21/slim http://www.loc.gov/standards/marcxml/schema/MARC21slim.xsd"
    xmlns="http://www.loc.gov/MARC21/slim">

  <leader>01964nam a22003857a 4500</leader>
  <controlfield tag="001">BRCA_9189</controlfield>
  <controlfield tag="003">FranzMayer</controlfield>
  <controlfield tag="005">20220809132614.0</controlfield>
  <controlfield tag="008">220705b        |||||||| |||| 00| 0 spa d</controlfield>
  <datafield tag="020" ind1=" " ind2=" ">
    <subfield code="a">9786074612875</subfield>
  </datafield>
  <datafield tag="040" ind1=" " ind2=" ">
    <subfield code="b">spa</subfield>
    <subfield code="c">MFM</subfield>
  </datafield>
  <datafield tag="041" ind1=" " ind2=" ">
    <subfield code="a">spa</subfield>
  </datafield>
  <datafield tag="050" ind1=" " ind2=" ">
    <subfield code="a">F1386.6 C37</subfield>
    <subfield code="b">B67 2020</subfield>
  </datafield>
  <datafield tag="245" ind1=" " ind2="3">
    <subfield code="a">El Bosque de Chapultepec : </subfield>
    <subfield code="b">Sitio sagrado y natural de M&#xE9;xico</subfield>
  </datafield>
  <datafield tag="260" ind1=" " ind2=" ">
    <subfield code="a">M&#xE9;xico : </subfield>
    <subfield code="b">Fideicomiso Pro Bosque de Chapultepec</subfield>
    <subfield code="b">Artes de M&#xE9;xico y del Mundo</subfield>
    <subfield code="c">2020</subfield>
  </datafield>
  <datafield tag="300" ind1=" " ind2=" ">
    <subfield code="a">263 p. :</subfield>
    <subfield code="b">il., fot. y map. ;</subfield>
    <subfield code="c">26 x 32 cm.</subfield>
  </datafield>
  <datafield tag="500" ind1=" " ind2=" ">
    <subfield code="a">Ubicaci&#xF3;n: L59-N5</subfield>
  </datafield>
  <datafield tag="504" ind1=" " ind2=" ">
    <subfield code="a">Bibliograf&#xED;a: p. 258-260</subfield>
  </datafield>
  <datafield tag="505" ind1=" " ind2=" ">
    <subfield code="t">Presentaci&#xF3;n / </subfield>
    <subfield code="r">Sharon Fastlicht de Azc&#xE1;rraga</subfield>
  </datafield>
  <datafield tag="505" ind1=" " ind2=" ">
    <subfield code="t">Cimientos sagrados: Chapultepec prehisp&#xE1;nico / </subfield>
    <subfield code="r">Eduardo Matos Moctezuma</subfield>
  </datafield>
  <datafield tag="505" ind1=" " ind2=" ">
    <subfield code="t">Chapultepec en la literatura n&#xE1;huatl / </subfield>
    <subfield code="r">Miguel Le&#xF3;n-Portilla</subfield>
  </datafield>
  <datafield tag="505" ind1=" " ind2=" ">
    <subfield code="t">Vestigios de un pasado en confluencia. Cinco siglos de Chapultepec / </subfield>
    <subfield code="r">Amparo G&#xF3;mez Tepexicuapan y salvador Rueda Smithers</subfield>
  </datafield>
  <datafield tag="505" ind1=" " ind2=" ">
    <subfield code="t">Paisaje irrepetible / </subfield>
    <subfield code="r">Miguel &#xC1;ngel Fern&#xE1;ndez</subfield>
  </datafield>
  <datafield tag="505" ind1=" " ind2=" ">
    <subfield code="t">Revivir el prodigio / </subfield>
    <subfield code="r">&#xC1;ngeles Mastretta</subfield>
  </datafield>
  <datafield tag="505" ind1=" " ind2=" ">
    <subfield code="t">Paseos por el viejo y nuevo Chapultepec / </subfield>
    <subfield code="r">&#xC1;ngeles Gonz&#xE1;lez Gamio</subfield>
  </datafield>
  <datafield tag="505" ind1=" " ind2=" ">
    <subfield code="t">Chapultepec en el siglo XXI / </subfield>
    <subfield code="r">M&#xF3;nica del Villar K.</subfield>
  </datafield>
  <datafield tag="505" ind1=" " ind2=" ">
    <subfield code="t">La trama de la vida en el Bosque de Chapultepec / </subfield>
    <subfield code="r">Carlos Galindo Leal</subfield>
  </datafield>
  <datafield tag="505" ind1=" " ind2=" ">
    <subfield code="t">&#xBF;Bosque urbano salvaje? / </subfield>
    <subfield code="r">Vance G. Martin</subfield>
  </datafield>
  <datafield tag="505" ind1=" " ind2=" ">
    <subfield code="t">Chapultepec a la una de la tarde / </subfield>
    <subfield code="r">H&#xE9;ctor de Maule&#xF3;n</subfield>
  </datafield>
  <datafield tag="505" ind1=" " ind2=" ">
    <subfield code="t">Plenilunio de la mu&#xF1;eca / </subfield>
    <subfield code="r">Vicente Quirarte</subfield>
  </datafield>
  <datafield tag="520" ind1=" " ind2=" ">
    <subfield code="a">Esta obra da testimonio y memoria de la enorme importancia que ha tenido y tiene el sitio en la vida y construcci&#xF3;n de M&#xE9;xico y de su capital. Conocerlo es fundamental para su preservaci&#xF3;n. Conforma un noble homenaje al Bosque de Chapultepec, el gran bosque de todos los mexicanos.</subfield>
  </datafield>
  <datafield tag="651" ind1=" " ind2=" ">
    <subfield code="2">M&#xE9;xico</subfield>
    <subfield code="x">Historia</subfield>
    <subfield code="z">Bosque de Chapultepec</subfield>
    <subfield code="9">28425</subfield>
  </datafield>
  <datafield tag="942" ind1=" " ind2=" ">
    <subfield code="2">lcc</subfield>
    <subfield code="c">B</subfield>
  </datafield>
  <datafield tag="999" ind1=" " ind2=" ">
    <subfield code="c">10808</subfield>
    <subfield code="d">10808</subfield>
  </datafield>
  <datafield tag="952" ind1=" " ind2=" ">
    <subfield code="0">0</subfield>
    <subfield code="1">0</subfield>
    <subfield code="2">lcc</subfield>
    <subfield code="4">0</subfield>
    <subfield code="7">0</subfield>
    <subfield code="a">BRCA</subfield>
    <subfield code="b">BRCA</subfield>
    <subfield code="d">2022-07-05</subfield>
    <subfield code="o">F1386.6 C37 B67 2020</subfield>
    <subfield code="p">CONT9962</subfield>
    <subfield code="r">2022-07-05 00:00:00</subfield>
    <subfield code="w">2022-07-05</subfield>
    <subfield code="y">B</subfield>
  </datafield>
</record>
